|
|
|
|
| LEADER |
00000nam0a2200000 4500 |
| 001 |
125590 |
| 005 |
20231101215936.0 |
| 035 |
|
|
|a (RuTPU)RU\TPU\book\135896
|
| 090 |
|
|
|a 125590
|
| 100 |
|
|
|a 20071119d1972 km y0rusy50 ca
|
| 101 |
0 |
|
|a rus
|
| 102 |
|
|
|a RU
|
| 105 |
|
|
|a a z 001zy
|
| 200 |
1 |
|
|a Исследование пластмасс как материала для опор качения
|f А. В. Орлов, С. В. Пинегин
|g Академия наук СССР, Государственный научно-исследовательский институт машиноведения им. А. А. Благонравова
|
| 210 |
|
|
|a Москва
|c Наука
|d 1972
|
| 215 |
|
|
|a 92 с.
|c ил.
|
| 320 |
|
|
|a Библиогр.: с. 89-90.
|
| 610 |
1 |
|
|a химическая технология
|
| 610 |
1 |
|
|a пластмассы
|
| 610 |
1 |
|
|a подшипниковые материалы
|
| 610 |
1 |
|
|a физико-механические свойства
|
| 610 |
1 |
|
|a исследование
|
| 610 |
1 |
|
|a опоры качения
|
| 675 |
|
|
|a 679.5:621.822
|v 3
|
| 700 |
|
1 |
|a Орлов
|b А. В.
|g Александр Васильеввич
|
| 701 |
|
1 |
|a Пинегин
|b С. В.
|g Сергей Васильевич
|
| 712 |
0 |
2 |
|a Академия наук СССР
|b Государственный научно-исследовательский институт машиноведения им. А. А. Благонравова
|c (Москва)
|c (1962-1979)
|2 stltpush
|3 (RuTPU)RU\TPU\col\27800
|9 28893
|
| 801 |
|
1 |
|a RU
|b 63413507
|c 20071119
|g PSBO
|
| 801 |
|
2 |
|a RU
|b 63413507
|c 20220218
|g PSBO
|
| 942 |
|
|
|c BK
|